[Event "XXII Festival Conca della Presolana Magistrale"]
[Site "Bratto - Castione della Presolana ITA"]
[Date "2002.08.22"]
[Round "3"]
[White "Grooten, Herman"]
[Black "Cebalo, Miso"]
[Result "0-1"]
[WhiteElo "2375"]
[BlackElo "2548"]
[PlyCount "160"]
[EventDate "2002.08.20"]

1.d4 Nf6 2.c4 e6 3.Nf3 c5 4.d5 exd5 5.cxd5 d6 6.Nc3 g6 7.Nd2 Nbd7 8.e4 Bg7
9.Be2 O-O 10.O-O Re8 11.Re1 a6 12.a4 Ne5 13.Nf1 h5 14.h3 Rb8 15.Bg5 Qc7 
16.Ne3 Nh7 17.Bh4 Bh6 18.Bf1 Bd7 19.Bg3 f6 20.f4 Nf7 21.a5 h4 22.Bh2 Bg7 
23.Kh1 Re7 24.Nc4 Rbe8 25.Qd2 Bb5 26.Qf2 g5 27.Ne3 Bd7 28.Be2 Nf8 29.Bh5 
Rb8 30.Bxf7+ Rxf7 31.Nf5 Ng6 32.Rf1 Bxf5 33.exf5 Ne7 34.Qc2 Qd7 35.fxg5 
fxg5 36.f6 Rxf6 37.Ne4 Rxf1+ 38.Rxf1 Rf8 39.Rxf8+ Kxf8 40.Nxg5 Qf5 41.Ne6+
Kf7 42.Qe2 Qb1+ 43.Bg1 Nf5 44.Qf3 Bxb2 45.g4 hxg3 46.Ng5+ Ke7 47.Qb3 Kf6 
48.h4 g2+ 49.Kxg2 Nxh4+ 50.Kh1 Kxg5 51.Qe3+ Kg4 52.Qe2+ Kg5 53.Qe3+ Kg6 
54.Qe8+ Kh6 55.Qe3+ Kh7 56.Qe7+ Bg7 57.Qxh4+ Kg8 58.Qg4 Qh7+ 59.Kg2 Kh8 
60.Bf2 Be5 61.Qe6 Qg8+ 62.Kf3 Qxe6 63.dxe6 Kg7 64.Ke4 c4 65.Bh4 Kf8 66.Bd8
Ke8 67.Bg5 c3 68.Kd5 Bg3 69.Bf6 c2 70.Bg5 Be1 71.Kxd6 Bxa5 72.Kd5 Bc3 73.
Bc1 b5 74.Ke4 Bf6 75.Kd5 Kd8 76.Kc5 Ke7 77.Kd5 a5 78.Kc5 b4 79.Kc4 Kxe6 
80.Kb3 Kd5 0-1

[Event "XXII Festival Conca della Presolana Magistrale"]
[Site "Bratto - Castione della Presolana ITA"]
[Date "2002.08.22"]
[Round "3"]
[White "Lanzani, Mario"]
[Black "Salami, Marco"]
[Result "1/2-1/2"]
[WhiteElo "2349"]
[BlackElo "2206"]
[PlyCount "77"]
[EventDate "2002.08.20"]

1.e4 e6 2.d4 d5 3.Nc3 Bb4 4.e5 c5 5.a3 Bxc3+ 6.bxc3 Ne7 7.Nf3 Qa5 8.Bd2 
Nbc6 9.Bd3 c4 10.Be2 Bd7 11.Ng5 h6 12.Nh3 O-O-O 13.O-O f6 14.exf6 gxf6 15.
Nf4 Rhg8 16.Re1 e5 17.Nh5 Rg6 18.Ng3 Nf5 19.Bh5 Rgg8 20.Bg4 Nxg3 21.Bxd7+ 
Rxd7 22.fxg3 Rg6 23.Qh5 Rdg7 24.Re2 Rg8 25.Qf5+ Kb8 26.Qe6 Ka8 27.Rf2 Qd8 
28.Be3 Rg4 29.Qxf6 Qxf6 30.Rxf6 exd4 31.cxd4 Nxd4 32.Raf1 b6 33.Bxd4 Rxd4 
34.Rf7 Re8 35.Rd7 Rd2 36.h4 Rxc2 37.Rff7 Rd2 38.Rxa7+ Kb8 39.Rfb7+ 1/2-1/2

[Event "XXII Festival Conca della Presolana Magistrale"]
[Site "Bratto - Castione della Presolana ITA"]
[Date "2002.08.22"]
[Round "3"]
[White "Lapiccirella, Mattia"]
[Black "Zanellato, Lorenzo"]
[Result "1-0"]
[WhiteElo "2192"]
[BlackElo "2048"]
[PlyCount "74"]
[EventDate "2002.08.20"]

1.d4 d5 2.c4 c6 3.Nf3 Nf6 4.e3 Bf5 5.Nc3 e6 6.Bd3 Bxd3 7.Qxd3 Nbd7 8.O-O 
Bb4 9.Bd2 a5 10.a3 Be7 11.e4 Nc5 12.dxc5 dxe4 13.Qxd8+ Rxd8 14.Na4 exf3 
15.Bxa5 Ra8 16.b4 fxg2 17.Rfd1 O-O 18.f3 Rfe8 19.Ra2 Kf8 20.Rad2 g6 21.
Kxg2 h5 22.Nb6 Rad8 23.Nd7+ Rxd7 24.Rxd7 Nxd7 25.Rxd7 Rb8 26.Bc7 Ra8 27.
Bd6 Bxd6 28.cxd6 b6 29.Rc7 c5 30.Rb7 cxb4 31.axb4 Ra4 32.Rxb6 Ra2+ 33.Kg3 
f5 34.f4 Kg7 35.c5 e5 36.Rb7+ Kf6 37.fxe5+ Kxe5 1-0

[Event "XXII Festival Conca della Presolana Magistrale"]
[Site "Bratto - Castione della Presolana ITA"]
[Date "2002.08.22"]
[Round "3"]
[White "Lovati, Paolo"]
[Black "Piantoni, Roberto"]
[Result "1-0"]
[WhiteElo "2057"]
[BlackElo "2171"]
[PlyCount "51"]
[EventDate "2002.08.20"]

1.c4 e5 2.g3 d6 3.Bg2 f5 4.Nc3 Nf6 5.e3 Be7 6.Nge2 c6 7.O-O O-O 8.b3 Na6 
9.Bb2 Qe8 10.Na4 b6 11.a3 Rb8 12.b4 Be6 13.Rc1 Qh5 14.d4 Rbd8 15.b5 Bxc4 
16.Rxc4 cxb5 17.Qb3 bxa4 18.Rxa4+ Kh8 19.Rxa6 Qxe2 20.Rxa7 Rd7 21.Rxd7 
Nxd7 22.Qe6 Qxb2 23.Qxe7 Qb5 24.dxe5 d5 25.e6 Qc5 26.Qxd7 1-0

[Event "XXII Festival Conca della Presolana Magistrale"]
[Site "Bratto - Castione della Presolana ITA"]
[Date "2002.08.22"]
[Round "3"]
[White "Marchand, Francois"]
[Black "Bellini, Fabio"]
[Result "1-0"]
[WhiteElo "2237"]
[BlackElo "2500"]
[PlyCount "81"]
[EventDate "2002.08.20"]

1.d4 g6 2.c4 Bg7 3.Nf3 d6 4.g3 e5 5.Nc3 Nd7 6.Bg2 Ne7 7.O-O O-O 8.e4 exd4 
9.Nxd4 Ne5 10.b3 c6 11.h3 f5 12.Be3 Nf7 13.Rc1 fxe4 14.Nxe4 d5 15.Ng5 Nxg5
16.Bxg5 h6 17.Be3 c5 18.Ne2 d4 19.Bd2 g5 20.b4 Nc6 21.bxc5 Ne5 22.Bb4 a5 
23.Ba3 Rf3 24.Bxf3 Nxf3+ 25.Kg2 Qd7 26.Ng1 Nxg1 27.Kxg1 d3 28.Qf3 Qc6 29.
Qxd3 Bxh3 30.Qd5+ Kh7 31.Qxc6 bxc6 32.Rfe1 Rf8 33.Re7 Kg6 34.Rd1 Rf3 35.
Rd6+ Bf6 36.Re3 Rxe3 37.fxe3 Kf5 38.Rxc6 Be5 39.Rxh6 Kg4 40.c6 Kxg3 41.Bd6
1-0

[Event "XXII Festival Conca della Presolana Magistrale"]
[Site "Bratto - Castione della Presolana ITA"]
[Date "2002.08.22"]
[Round "3"]
[White "Mascheroni, Maurizio"]
[Black "Campini, Marco"]
[Result "1-0"]
[WhiteElo "2068"]
[BlackElo "2169"]
[PlyCount "69"]
[EventDate "2002.08.20"]

1.e4 c5 2.b3 d6 3.Bb2 Nc6 4.Bb5 Bd7 5.Nf3 e6 6.O-O Qc7 7.Re1 a6 8.Bxc6 
bxc6 9.d4 cxd4 10.Qxd4 Nh6 11.Nbd2 f6 12.Rad1 Nf7 13.Nc4 c5 14.Qd2 Be7 15.
h3 Rb8 16.Ne3 Bc6 17.Nf1 a5 18.Ng3 O-O 19.Qe3 Rb7 20.Nh5 Ra8 21.Nh4 Qd8 
22.Qg3 g5 23.f4 Kf8 24.Nf3 h6 25.h4 c4 26.hxg5 hxg5 27.fxg5 fxg5 28.Ng7 
Bd7 29.Nd4 Qc8 30.Rf1 Kxg7 31.Nf5+ Kf8 32.Nxe7 Kxe7 33.Rxf7+ Kxf7 34.Rf1+ 
Ke8 35.Qxd6 1-0

[Event "XXII Festival Conca della Presolana Magistrale"]
[Site "Bratto - Castione della Presolana ITA"]
[Date "2002.08.22"]
[Round "3"]
[White "Mazzariol, Oscar"]
[Black "Isonzo, David"]
[Result "0-1"]
[WhiteElo "2151"]
[BlackElo "2337"]
[PlyCount "134"]
[EventDate "2002.08.20"]

1.d4 Nf6 2.Nf3 g6 3.c4 Bg7 4.g3 d6 5.Bg2 O-O 6.Nc3 Nc6 7.O-O a6 8.Bg5 Rb8 
9.Rc1 Bd7 10.Qd2 b5 11.cxb5 axb5 12.Bxf6 Bxf6 13.Nd5 Bg7 14.Nxc7 Qxc7 15.
d5 Qb6 16.dxc6 Bxc6 17.Qb4 Bd7 18.Rc2 Bf5 19.e4 Be6 20.b3 Bd7 21.Rfc1 Bh6 
22.Rd1 Rfc8 23.Re2 Qc5 24.Qxc5 Rxc5 25.e5 d5 26.Nd4 e6 27.h4 Rbc8 28.f4 
Bf8 29.Bf1 b4 30.Kg2 Be7 31.Red2 h6 32.Bd3 Ra5 33.Bb1 Rac5 34.Ne2 Kf8 35.
Kf3 Be8 36.Rd4 R5c7 37.R4d2 Bd7 38.Kg4 h5+ 39.Kf3 Bb5 40.Bd3 Bd7 41.Rh1 
Bc5 42.g4 hxg4+ 43.Kxg4 Be3 44.Rdd1 Ra7 45.Rh3 Bb6 46.Rd2 Ke7 47.h5 gxh5+ 
48.Rxh5 Be3 49.Rb2 Rca8 50.Kf3 Bb6 51.Bb1 Bc6 52.Rd2 Rg8 53.Rh1 Raa8 54.
Rc1 Bb7 55.Bd3 Rac8 56.Rdc2 d4+ 57.Kf2 Rc3 58.Nxc3 dxc3+ 59.Ke2 Rg2+ 60.
Kf1 Rg1+ 61.Ke2 Rg3 62.Bb5 Be4 63.Ke1 Rg1+ 64.Bf1 Bd3 65.Rf2 Bxf2+ 66.Kxf2
Rxf1+ 67.Rxf1 Bxf1 0-1

[Event "XXII Festival Conca della Presolana Magistrale"]
[Site "Bratto - Castione della Presolana ITA"]
[Date "2002.08.22"]
[Round "3"]
[White "Menoni, Vincenzo"]
[Black "Del Giudice, Stefano"]
[Result "1-0"]
[WhiteElo "2228"]
[BlackElo "2073"]
[PlyCount "79"]
[EventDate "2002.08.20"]

1.e4 d6 2.d4 Nf6 3.Nc3 g6 4.Be3 c6 5.Qd2 Nbd7 6.Nf3 Qc7 7.Bd3 e5 8.h3 Bg7 
9.dxe5 Nxe5 10.Nxe5 dxe5 11.a4 Be6 12.O-O O-O 13.Ne2 Rad8 14.Ng3 c5 15.Qc3
c4 16.Be2 Nd7 17.a5 f5 18.exf5 gxf5 19.Nh5 Rf7 20.Bg5 Re8 21.Qg3 Kh8 22.
Qh4 Rg8 23.Rfd1 Qc6 24.Bf3 e4 25.Nf4 Bf6 26.Bxf6+ Nxf6 27.Bh5 Nxh5 28.Qxh5
Rfg7 29.Qh6 e3 30.Qf6 exf2+ 31.Kxf2 Bd7 32.Rd6 Qc5+ 33.Kf1 Qe3 34.Nh5 Bc6 
35.Rxc6 bxc6 36.Nxg7 Qf4+ 37.Kg1 Qe3+ 38.Kh1 Rxg7 39.Rd1 Qe8 40.Rd8 1-0

[Event "XXII Festival Conca della Presolana Magistrale"]
[Site "Bratto - Castione della Presolana ITA"]
[Date "2002.08.22"]
[Round "3"]
[White "Osuna Munoz, Xavier"]
[Black "Bresciani, Nicola"]
[Result "0-1"]
[WhiteElo "2113"]
[BlackElo "2270"]
[PlyCount "84"]
[EventDate "2002.08.20"]

1.e4 c5 2.Nf3 d6 3.d4 cxd4 4.Nxd4 Nf6 5.Nc3 a6 6.Bg5 e6 7.Qd3 h6 8.Bh4 Be7
9.O-O-O Nbd7 10.Bxf6 Nxf6 11.f4 Qc7 12.Be2 O-O 13.Bf3 d5 14.exd5 Qxf4+ 15.
Kb1 exd5 16.Rhe1 Bb4 17.Nce2 Qc7 18.c3 Bd6 19.Nf5 Bxf5 20.Qxf5 Bxh2 21.g3 
Bxg3 22.Nxg3 Qxg3 23.Rg1 Qd6 24.Qh3 Qf4 25.Rdf1 Ne4 26.Bxe4 Qxe4+ 27.Ka1 
Qe6 28.Qg3 g5 29.Re1 Qg6 30.Re7 Rae8 31.Rxb7 Re6 32.a3 Rfe8 33.Qf2 Re2 34.
Qf3 Re1+ 35.Rxe1 Rxe1+ 36.Ka2 Qb1+ 37.Kb3 Qd1+ 38.Qxd1 Rxd1 39.Rb6 Kg7 40.
Rxa6 g4 41.Kc2 Re1 42.Kd2 Re4 0-1

[Event "XXII Festival Conca della Presolana Magistrale"]
[Site "Bratto - Castione della Presolana ITA"]
[Date "2002.08.22"]
[Round "3"]
[White "Pagnoncelli, Marco"]
[Black "Radice, Luca"]
[Result "1-0"]
[WhiteElo "2101"]
[BlackElo "2064"]
[PlyCount "29"]
[EventDate "2002.08.20"]

1.e4 e6 2.d4 d5 3.exd5 exd5 4.Nf3 Bd6 5.c4 Nf6 6.Nc3 c6 7.Bg5 Be7 8.cxd5 
cxd5 9.Bb5+ Bd7 10.Bxf6 Bxf6 11.Qe2+ Be7 12.Nxd5 O-O 13.Nxe7+ Kh8 14.Nd5 
Re8 15.Ne5 1-0

[Event "XXII Festival Conca della Presolana Magistrale"]
[Site "Bratto - Castione della Presolana ITA"]
[Date "2002.08.22"]
[Round "3"]
[White "Piva, Giorgio"]
[Black "Marinelli, Gian Marco"]
[Result "1/2-1/2"]
[WhiteElo "2135"]
[BlackElo "2060"]
[PlyCount "40"]
[EventDate "2002.08.20"]

1.d4 g6 2.e4 Bg7 3.Nc3 d6 4.Be3 c6 5.Qd2 Nd7 6.Nf3 Qa5 7.Bd3 Ngf6 8.O-O 
Qc7 9.Bh6 O-O 10.Rfe1 e5 11.dxe5 Nxe5 12.Nxe5 dxe5 13.Bxg7 Kxg7 14.Bc4 Rd8
15.Qg5 h6 16.Qe3 Rd4 17.Bb3 Qb6 18.f3 Be6 19.Na4 Qa5 20.Nc3 Qb6 1/2-1/2

[Event "XXII Festival Conca della Presolana Magistrale"]
[Site "Bratto - Castione della Presolana ITA"]
[Date "2002.08.22"]
[Round "3"]
[White "Popa, Claudiu"]
[Black "Scotti, Umberto"]
[Result "1/2-1/2"]
[WhiteElo "2081"]
[BlackElo "2166"]
[PlyCount "56"]
[EventDate "2002.08.20"]

1.e4 e6 2.d4 d5 3.Nd2 dxe4 4.Nxe4 Nd7 5.Nf3 Ngf6 6.Nxf6+ Nxf6 7.Bd3 Be7 8.
O-O O-O 9.Ne5 c5 10.c3 cxd4 11.cxd4 Bd7 12.Qf3 Bc6 13.Nxc6 bxc6 14.Qxc6 
Qxd4 15.Qc4 Rfd8 16.Qxd4 Rxd4 17.Be2 Nd5 18.Rd1 Rxd1+ 19.Bxd1 Bf6 20.Rb1 
Rb8 21.Bb3 Kf8 22.Bxd5 exd5 23.b3 Rc8 24.Ba3+ Ke8 25.Rc1 Rxc1+ 26.Bxc1 Kd7
27.Kf1 Kc6 28.Ba3 Kb5 1/2-1/2

[Event "XXII Festival Conca della Presolana Magistrale"]
[Site "Bratto - Castione della Presolana ITA"]
[Date "2002.08.22"]
[Round "3"]
[White "Preiss, Martin"]
[Black "Lapiccirella, Daniele"]
[Result "1-0"]
[WhiteElo "2265"]
[BlackElo "2097"]
[PlyCount "51"]
[EventDate "2002.08.20"]

1.c4 c6 2.e4 e5 3.Nf3 d6 4.d4 Nd7 5.Nc3 Ngf6 6.Be2 Be7 7.O-O O-O 8.Qc2 
exd4 9.Nxd4 Re8 10.Re1 Bf8 11.Bf1 Ne5 12.h3 Ng6 13.Be3 Qc7 14.b3 Bd7 15.
Rad1 Rad8 16.f3 Bc8 17.Bf2 a6 18.Na4 Qb8 19.Nb6 d5 20.exd5 Rxe1 21.Rxe1 
cxd5 22.c5 Bd7 23.b4 h6 24.Bd3 Be8 25.Bxg6 fxg6 26.Ne6 1-0

[Event "XXII Festival Conca della Presolana Magistrale"]
[Site "Bratto - Castione della Presolana ITA"]
[Date "2002.08.22"]
[Round "3"]
[White "Rebeggiani, Andrea"]
[Black "Capece, Adolivio"]
[Result "1/2-1/2"]
[WhiteElo "2003"]
[BlackElo "2067"]
[PlyCount "20"]
[EventDate "2002.08.20"]

1.e4 c5 2.f4 Nc6 3.Nf3 e6 4.Nc3 a6 5.d3 d5 6.g3 Nf6 7.Qe2 d4 8.Nd1 b5 9.
Bg2 Be7 10.Nf2 Bb7 1/2-1/2

[Event "XXII Festival Conca della Presolana Magistrale"]
[Site "Bratto - Castione della Presolana ITA"]
[Date "2002.08.22"]
[Round "3"]
[White "Ricci, Alfredo"]
[Black "Moncelli, Giorgio"]
[Result "0-1"]
[WhiteElo "2067"]
[BlackElo "2155"]
[PlyCount "118"]
[EventDate "2002.08.20"]

1.e4 e5 2.Nf3 Nf6 3.Nc3 Nc6 4.Bb5 Nd4 5.Bc4 Bc5 6.d3 d6 7.Nxd4 Bxd4 8.O-O 
Be6 9.Bb3 c6 10.Kh1 Qe7 11.f4 exf4 12.Bxf4 Ng4 13.Qe1 Be5 14.Ne2 Bxb3 15.
axb3 Bxb2 16.Rb1 Be5 17.Bd2 Bxh2 18.Nd4 Qe5 19.Nf5 O-O-O 20.Bc3 Qe6 21.
Bxg7 Rhe8 22.Qh4 Qg6 23.g3 d5 24.e5 Nxe5 25.Qxh2 Ng4 26.Qh3 Re2 27.Bd4 h5 
28.Bxa7 Rde8 29.Bg1 Rxc2 30.Qh4 Kb8 31.Rbe1 f6 32.Nd4 Rxe1 33.Rxe1 Rd2 34.
Nf3 Rxd3 35.Ne5 Qf5 36.Nxg4 Qf3+ 37.Kh2 Rd2+ 38.Nf2 Rxf2+ 39.Bxf2 Qxf2+ 
40.Kh3 Qxe1 41.Qf4+ Qe5 42.Qb4 Qf5+ 43.Kh2 Qf2+ 44.Kh3 Qf1+ 45.Kh2 Qe2+ 
46.Kg1 Qe3+ 47.Kh2 c5 48.Qa4 Qe6 49.Qa5 Qd6 50.Qb5 h4 51.Qe8+ Kc7 52.Qf7+ 
Kb6 53.Kh1 hxg3 54.Kg2 d4 55.Qc4 d3 56.Qg4 d2 57.Qd1 f5 58.Kf3 f4 59.Kg2 
Qd4 0-1

[Event "XXII Festival Conca della Presolana Magistrale"]
[Site "Bratto - Castione della Presolana ITA"]
[Date "2002.08.22"]
[Round "3"]
[White "Romanishin, Oleg M."]
[Black "Mola, Pietro"]
[Result "1-0"]
[WhiteElo "2559"]
[BlackElo "2277"]
[PlyCount "111"]
[EventDate "2002.08.20"]

1.Nf3 c5 2.g3 Nc6 3.Bg2 e5 4.c4 g6 5.Nc3 Bg7 6.O-O Nge7 7.a3 a5 8.Ne1 O-O 
9.Nc2 d6 10.Ne3 Nd4 11.Ned5 Nxd5 12.Bxd5 a4 13.d3 Bh3 14.Re1 Qd7 15.Rb1 
Nb3 16.Ne4 Be6 17.Bxe6 fxe6 18.Nd2 Qf7 19.Rf1 Nd4 20.e3 Nf3+ 21.Nxf3 Qxf3 
22.Qxf3 Rxf3 23.b4 axb3 24.Rxb3 Rf7 25.Bd2 Rd8 26.Rfb1 Rdd7 27.Rb5 Bf6 28.
a4 Bd8 29.a5 Kg7 30.Kf1 Kf6 31.Ke2 Kg7 32.Bc3 Kf8 33.Ra1 Ke7 34.Bd2 Kf8 
35.Ra2 Ke8 36.Rb1 Kf8 37.h3 Ke8 38.Rb3 Kf8 39.Rba3 Ke7 40.e4 Rc7 41.Rb3 
Rd7 42.a6 bxa6 43.Rxa6 Kf6 44.f4 exf4 45.gxf4 Ke7 46.Be3 Bc7 47.e5 Rf5 48.
Rb7 dxe5 49.Bxc5+ Kf6 50.Raa7 exf4 51.Rxc7 f3+ 52.Kf2 Rxd3 53.Be3 Ke5 54.
Rxh7 Rxe3 55.Kxe3 f2 56.Ra5+ 1-0

[Event "XXII Festival Conca della Presolana Magistrale"]
[Site "Bratto - Castione della Presolana ITA"]
[Date "2002.08.22"]
[Round "3"]
[White "Sedina, Elena"]
[Black "Castaldo, Folco"]
[Result "1-0"]
[WhiteElo "2416"]
[BlackElo "2319"]
[PlyCount "89"]
[EventDate "2002.08.20"]

1.e4 c6 2.c4 d5 3.cxd5 cxd5 4.exd5 Nf6 5.Nc3 Nxd5 6.Nf3 Nxc3 7.bxc3 g6 8.
d4 Bg7 9.Bd3 O-O 10.O-O Nc6 11.Qe2 b6 12.Be4 Bb7 13.Bg5 Re8 14.Rad1 Qc7 
15.Rfe1 Na5 16.Bxb7 Nxb7 17.Rd3 e6 18.h4 h5 19.Nd2 f6 20.Be3 e5 21.dxe5 
Rxe5 22.Nf3 Re7 23.Qc2 Qc4 24.Rd4 Qf7 25.Ra4 Nd6 26.Bxb6 Rxe1+ 27.Nxe1 Re8
28.Be3 Nc4 29.Nf3 Nxe3 30.fxe3 Rxe3 31.c4 Kh7 32.c5 Qc7 33.c6 Rxf3 34.gxf3
Qg3+ 35.Qg2 Qe1+ 36.Kh2 Qe5+ 37.Qg3 Qe2+ 38.Kh3 Qf1+ 39.Qg2 Qb5 40.Qc2 
Qf1+ 41.Qg2 Qb5 42.Rxa7 Qxc6 43.Qe2 f5 44.Kg2 f4 45.Qb2 1-0

[Event "XXII Festival Conca della Presolana Magistrale"]
[Site "Bratto - Castione della Presolana ITA"]
[Date "2002.08.22"]
[Round "3"]
[White "Temi, Walter"]
[Black "Del Dotto, Riccardo"]
[Result "0-1"]
[WhiteElo "2073"]
[BlackElo "2199"]
[PlyCount "46"]
[EventDate "2002.08.20"]

1.e4 e5 2.Nf3 Nf6 3.Nc3 Bb4 4.Nxe5 O-O 5.Be2 Re8 6.Nd3 Bxc3 7.dxc3 Nxe4 8.
Nf4 d6 9.O-O Nd7 10.Be3 Ndc5 11.Qd4 Nf6 12.Rad1 Bf5 13.Nd5 Nxd5 14.Qxd5 
Bxc2 15.Bc4 Bxd1 16.Qxf7+ Kh8 17.Rxd1 Qe7 18.Qh5 Ne4 19.g4 Rf8 20.Rd4 c5 
21.Rd3 Nf6 22.Qh4 Qe4 23.f3 Qxc4 0-1

[Event "XXII Festival Conca della Presolana Magistrale"]
[Site "Bratto - Castione della Presolana ITA"]
[Date "2002.08.22"]
[Round "3"]
[White "Trabert, Bettina"]
[Black "Barlocco, Carlo"]
[Result "1-0"]
[WhiteElo "2320"]
[BlackElo "2136"]
[PlyCount "59"]
[EventDate "2002.08.20"]

1.e4 Nc6 2.Nc3 e6 3.d4 Bb4 4.a3 Bxc3+ 5.bxc3 d6 6.Bd3 e5 7.Ne2 Nf6 8.O-O 
O-O 9.f4 exd4 10.cxd4 Bg4 11.Bb2 Re8 12.e5 dxe5 13.fxe5 Nd5 14.Qd2 Qh4 15.
c4 Bxe2 16.Bxe2 Nb6 17.Rf4 Qg5 18.Raf1 Rad8 19.Qe1 Na4 20.Ba1 Rf8 21.Qf2 
Qe7 22.c5 a6 23.Bc4 b5 24.cxb6 Nxb6 25.Bxf7+ Kh8 26.Qf3 Nb8 27.d5 Nxd5 28.
Bxd5 Rxf4 29.Qxf4 Qc5+ 30.Qd4 1-0

[Event "XXII Festival Conca della Presolana Magistrale"]
[Site "Bratto - Castione della Presolana ITA"]
[Date "2002.08.22"]
[Round "3"]
[White "Vancini, Edoardo"]
[Black "Guido, Flavio"]
[Result "0-1"]
[WhiteElo "2307"]
[BlackElo "2327"]
[PlyCount "94"]
[EventDate "2002.08.20"]

1.e4 c5 2.c3 d5 3.exd5 Qxd5 4.d4 Nf6 5.Nf3 Nc6 6.Be3 Ng4 7.Nbd2 cxd4 8.Bc4
Qf5 9.cxd4 e6 10.O-O Bd6 11.Qe2 O-O 12.g3 Nf6 13.Bd3 Qd5 14.Nb1 Qh5 15.Nc3
Nb4 16.Bc4 b6 17.Rac1 Bb7 18.Ne5 Qh3 19.f3 Rac8 20.Bg5 Nbd5 21.Ne4 Be7 22.
Bd2 Nxe4 23.fxe4 Nf6 24.Bd3 Rxc1 25.Bxc1 Bd6 26.Rxf6 Bxe5 27.dxe5 gxf6 28.
exf6 e5 29.Qf3 Rd8 30.Bf1 Qe6 31.Qh5 Kh8 32.Bh3 Qxf6 33.Bg5 Qg6 34.Qxg6 
Rd1+ 35.Kf2 hxg6 36.Bf6+ Kg8 37.Bxe5 Rd2+ 38.Ke3 Rxh2 39.Bf1 Kf8 40.Bd6+ 
Kg7 41.Be5+ f6 42.Bc3 Rh1 43.Bd3 Rh3 44.Kf2 Kf7 45.Kg2 Rh8 46.Kf2 Re8 47.
Ke3 Bxe4 0-1

[Event "XXII Festival Conca della Presolana Magistrale"]
[Site "Bratto - Castione della Presolana ITA"]
[Date "2002.08.23"]
[Round "4"]
[White "Aglietti, Graziano"]
[Black "Astengo, Marcello"]
[Result "1-0"]
[WhiteElo "2069"]
[BlackElo "2124"]
[PlyCount "39"]
[EventDate "2002.08.20"]

1.e4 e6 2.d4 d5 3.Nc3 Bb4 4.e5 Bf8 5.Qg4 c5 6.Bg5 Qb6 7.Nxd5 Qa5+ 8.Bd2 
Qd8 9.Nc3 Nh6 10.Bxh6 gxh6 11.Nf3 Nc6 12.O-O-O Qa5 13.dxc5 Bd7 14.Rxd7 
Kxd7 15.Bb5 Rd8 16.Nd4 Kc7 17.Bxc6 bxc6 18.Nb3 Qa6 19.Qf3 Qf1+ 20.Rxf1 1-0

[Event "XXII Festival Conca della Presolana Magistrale"]
[Site "Bratto - Castione della Presolana ITA"]
[Date "2002.08.23"]
[Round "4"]
[White "Agnelli, Francesco"]
[Black "Popa, Claudiu"]
[Result "0-1"]
[WhiteElo "2146"]
[BlackElo "2081"]
[PlyCount "70"]
[EventDate "2002.08.20"]

1.e4 e5 2.Nf3 Nc6 3.Bc4 Nf6 4.d3 Be7 5.Nc3 d6 6.a3 Bg4 7.h3 Be6 8.Nd5 h6 
9.Be3 a6 10.Qe2 Qd7 11.g4 g5 12.O-O-O Bxd5 13.exd5 Na5 14.Ba2 b5 15.h4 
gxh4 16.Rdg1 Nxg4 17.Bd2 Nb7 18.Nxh4 h5 19.f3 Nf6 20.d4 O-O-O 21.dxe5 dxe5
22.Qxe5 Nxd5 23.Rd1 Bf6 24.Qg3 Qc6 25.Qh3+ Kb8 26.Qf5 Nc5 27.Kb1 Bxh4 28.
Ba5 Ne3 29.Rxd8+ Bxd8 30.Qe5 Re8 31.Qxh5 Na4 32.Bb3 Nc4 33.Qxf7 Qe6 34.
Bxc4 bxc4 35.Qf4 Qe5 0-1

[Event "XXII Festival Conca della Presolana Magistrale"]
[Site "Bratto - Castione della Presolana ITA"]
[Date "2002.08.23"]
[Round "4"]
[White "Barlocco, Carlo"]
[Black "Del Giudice, Stefano"]
[Result "1-0"]
[WhiteElo "2136"]
[BlackElo "2073"]
[PlyCount "53"]
[EventDate "2002.08.20"]

1.d4 d6 2.c4 Nf6 3.Nc3 g6 4.e4 Bg7 5.Nf3 O-O 6.Be2 c5 7.d5 e6 8.O-O Re8 9.
dxe6 Bxe6 10.Bf4 Nc6 11.Bxd6 Qb6 12.Na4 Qa5 13.Nxc5 Qb6 14.Na4 Qa5 15.Nc3 
Qb6 16.a3 Bg4 17.c5 Qa5 18.h3 Bxf3 19.Bxf3 Ne5 20.Be2 Nc6 21.Bc4 Ne5 22.
Ba2 b5 23.Nd5 Nxd5 24.Bxd5 Rac8 25.Bb7 Nc4 26.Bxc8 Nxb2 27.Qg4 1-0

[Event "XXII Festival Conca della Presolana Magistrale"]
[Site "Bratto - Castione della Presolana ITA"]
[Date "2002.08.23"]
[Round "4"]
[White "Bellincampi, Stefano"]
[Black "Ranieri, Fabrizio"]
[Result "0-1"]
[WhiteElo "2082"]
[BlackElo "2161"]
[PlyCount "118"]
[EventDate "2002.08.20"]

1.e4 e6 2.d4 d5 3.e5 c5 4.c3 Nc6 5.Be3 cxd4 6.cxd4 Qb6 7.Qd2 Bd7 8.Nc3 Bb4
9.Bd3 Nxe5 10.dxe5 d4 11.Bxd4 Qxd4 12.Nf3 Qg4 13.O-O Bc6 14.Be2 Rd8 15.Qe3
Ne7 16.h3 Qg6 17.Rfd1 O-O 18.Bd3 Nf5 19.Qe2 Nd4 20.Bxg6 Nxe2+ 21.Nxe2 hxg6
22.Nfd4 Bd5 23.Nc3 Bxc3 24.bxc3 Rc8 25.Rdc1 a6 26.f3 Rc4 27.a4 Rfc8 28.Ne2
R8c5 29.Rcb1 Bc6 30.f4 Be4 31.Rb4 Rxb4 32.cxb4 Rc2 33.Re1 Rb2 34.b5 axb5 
35.axb5 Bd5 36.g3 Rxb5 37.Nc3 Rc5 38.Re3 Bc6 39.Ne4 Rc1+ 40.Kf2 Rc2+ 41.
Ke1 Bxe4 42.Rxe4 b5 43.Re2 Rc3 44.Kf2 b4 45.Re3 Ra3 46.Re4 Rb3 47.Re3 Rb1 
48.Rd3 Kf8 49.Ke3 f6 50.Kd4 Ke7 51.Kc4 fxe5 52.fxe5 g5 53.g4 Rc1+ 54.Kd4 
Rc3 55.Rxc3 bxc3 56.Kxc3 Kd7 57.Kd4 Kc6 58.Kc4 g6 59.Kd4 Kb5 0-1

[Event "XXII Festival Conca della Presolana Magistrale"]
[Site "Bratto - Castione della Presolana ITA"]
[Date "2002.08.23"]
[Round "4"]
[White "Bellini, Fabio"]
[Black "Sedina, Elena"]
[Result "0-1"]
[WhiteElo "2500"]
[BlackElo "2416"]
[PlyCount "68"]
[EventDate "2002.08.20"]

1.b3 e5 2.Bb2 Nc6 3.e3 g6 4.Nf3 Bg7 5.c4 d6 6.Be2 f5 7.d4 e4 8.Nfd2 Nf6 9.
Nc3 O-O 10.d5 Ne5 11.Qc2 Qe7 12.O-O-O c6 13.Kb1 Bd7 14.dxc6 bxc6 15.c5 d5 
16.Na4 Nfg4 17.Rdf1 f4 18.h3 f3 19.gxf3 exf3 20.Ba6 Nf6 21.Qc3 Bf5+ 22.Ka1
Ne8 23.Qa5 Nc7 24.e4 dxe4 25.Re1 Nxa6 26.Qxa6 Rad8 27.Nxe4 Nd3 28.Qc4+ Kh8
29.Re3 Nxf2 30.Nd6 Bxb2+ 31.Kxb2 Qxe3 32.Nf7+ Rxf7 33.Qxf7 Qd4+ 34.Ka3 
Nxh1 0-1

[Event "XXII Festival Conca della Presolana Magistrale"]
[Site "Bratto - Castione della Presolana ITA"]
[Date "2002.08.23"]
[Round "4"]
[White "Bertino, Andrea"]
[Black "Campanile, Antonio"]
[Result "0-1"]
[WhiteElo "1915"]
[BlackElo "2140"]
[PlyCount "84"]
[EventDate "2002.08.20"]

1.d4 f5 2.Bg5 h6 3.Bh4 g5 4.e3 Nf6 5.Bg3 e6 6.Nd2 d6 7.h4 g4 8.Bd3 Nc6 9.
c3 Qe7 10.Qc2 Bd7 11.Ne2 Qf7 12.O-O-O Nh5 13.e4 O-O-O 14.d5 exd5 15.exd5 
Qxd5 16.Bc4 Qc5 17.b4 Qb6 18.Bh2 Ne5 19.Bxe5 dxe5 20.Bf7 Ng7 21.Nc4 Qf6 
22.Qb3 Be7 23.Ne3 Rhf8 24.Bc4 c6 25.b5 Bc5 26.Rxd7 Bxe3+ 27.fxe3 Rxd7 28.
bxc6 Rc7 29.cxb7+ Kb8 30.Qb4 Rxb7 31.Qa3 Rd8 32.Rd1 Rxd1+ 33.Kxd1 Rd7+ 34.
Kc2 Qd6 35.Qxd6+ Rxd6 36.e4 f4 37.Bd5 Nh5 38.c4 f3 39.gxf3 gxf3 40.c5 fxe2
41.Kd2 Rd8 42.Kxe2 Nf4+ 0-1

[Event "XXII Festival Conca della Presolana Magistrale"]
[Site "Bratto - Castione della Presolana ITA"]
[Date "2002.08.23"]
[Round "4"]
[White "Borgo, Giulio"]
[Black "Epishin, Vladimir V."]
[Result "0-1"]
[WhiteElo "2420"]
[BlackElo "2643"]
[PlyCount "78"]
[EventDate "2002.08.20"]

1.Nf3 Nf6 2.g3 b5 3.Bg2 Bb7 4.O-O c5 5.d3 d6 6.c4 bxc4 7.dxc4 g6 8.b3 Bg7 
9.Bb2 O-O 10.Nc3 a5 11.Qc2 Nc6 12.Rad1 Rb8 13.h4 Bc8 14.Qc1 Bg4 15.Ne1 Qc8
16.Nd3 Nd4 17.Rfe1 e5 18.f3 Bd7 19.g4 Bc6 20.Nf2 Ne8 21.Nd5 Bxd5 22.cxd5 
Qd8 23.e3 Nb5 24.g5 f5 25.Bf1 f4 26.a4 fxe3 27.Qxe3 Nd4 28.Bxd4 cxd4 29.
Qd3 Nc7 30.Bg2 Kh8 31.Qc4 Rb4 32.Qc6 Rxb3 33.Rc1 Ne8 34.Ne4 Qe7 35.Qa6 Qf7
36.Qxa5 Rb2 37.Rcd1 Rxg2+ 38.Kxg2 Qxf3+ 39.Kh2 Rf4 0-1